| 000 | 00569nam a2200229Ia 4500 | ||
|---|---|---|---|
| 005 | 20250425162622.0 | ||
| 008 | 250425s9999 xx 000 0 und d | ||
| 020 | _a9789978671269 | ||
| 041 | _aspa | ||
| 082 | _a796.334 | ||
| 100 | _aSAMANIEGO PONCE, PABLO | ||
| 245 | 0 | _aBIBLIOTECA DEL FUTBOL ECUATORIANO: METE GOL...GANA FÚTBOL Y ECONOMÍA | |
| 250 | _a1A ED. | ||
| 260 |
_aEcuador _bFLACSO, SEDE ECUADOR _c2006 |
||
| 260 | _aQUITO | ||
| 300 | _a231 | ||
| 650 | _aECONOMIA | ||
| 650 | _aECUADOR | ||
| 650 | _aFUTBOL | ||
| 942 | _c01 | ||
| 010 | _a90591 | ||
| 999 |
_c232971 _d232971 |
||